[Event "It (open)"]
[Site "Pula (Croatia)"]
[Date "2007.06.30"]
[Round "9"]
[White "Rasmussen Karsten (DEN)"]
[Black "Stokke Kjetil (NOR)"]
[Result "1-0"]
[WhiteElo "2462"]
[BlackElo "2339"]
[PlyCount "59"]
[EventDate "2007.??.??"]
[Source "www.chesslib.no"]
[SourceDate "2004.05.04"]

1. d4 Nf6 2. c4 g6 3. g3 Bg7 4. Bg2 O-O 5. Nc3 d6 6. e4 Nc6 7. Nge2 e5 8. d5 Nd4 9. O-O c5 10. dxc6 bxc6 11. Nxd4 exd4 12. Qxd4 Nd5 13. Qd3 Nxc3 14. bxc3 Ba6 15. Be3 Qe7 16. Rfd1 Rfd8 17. Rab1 Qe6 18. Bf1 Re8 19. Qxd6 Qxe4 20. Bg2 Qxc4 21. Bxc6 Re6 22. Rb8+ Rxb8 23. Qxb8+ Bf8 24. Bh6 Qc5 25. Bxf8 Qxc6 26. Be7+ Bc8 27. Rd8+ Kg7 28. Bf8+ Kg8 29. Bh6+ Re8 30. Qe5 1-0

[Event "Thessaloniki ol (Men)"]
[Site "Thessaloniki GRE"]
[Date "1988.??.??"]
[Round "8"]
[White "Haik, Aldo"]
[Black "Shvidler, Eliahu"]
[Result "1-0"]
[WhiteElo "2370"]
[BlackElo "2430"]
[PlyCount "160"]
[EventDate "1988.11.??"]
[Source "www.chesslib.no"]
[SourceDate "2004.05.04"]

1. d4 Nf6 2. c4 g6 3. Nc3 Bg7 4. e4 O-O 5. Nge2 c6 6. g3 d6 7. Bg2 e5 8. O-O Nbd7 9. d5 c5 10. h3 Ne8 11. Be3 Nb6 12. b3 Bd7 13. Qd2 Nc8 14. a3 Ne7 15. b4 b6 16. Rab1 Qc8 17. Kh2 cxb4 18. Rxb4 Qa6 19. a4 Rc8 20. Nb5 f5 21. f3 Qb7 22. Rfb1 Bxb5 23. Rxb5 fxe4 24. fxe4 Rxc4 25. a5 Nc7 26. R5b4 Rxb4 27. Qxb4 Nc8 28. axb6 axb6 29. Qa4 Qa6 30. Qxa6 Nxa6 31. Bxb6 Nc5 32. Bxc5 dxc5 33. Rc1 Nd6 34. Rxc5 Rf2 35. Nc3 Bf8 36. Rc6 Rc2 37. Kg1 Be7 38. Na4 Rxc6 39. dxc6 Nb5 40. Bf1 Nc7 41. Bc4+ Kf8 42. Kf2 Bb4 43. Kf3 Ke7 44. Bd5 Ba5 45. Nb2 Ne8 46. Nc4 Bc7 47. Kg4 Kf6 48. h4 h5+ 49. Kf3 g5 50. Ne3 gxh4 51. gxh4 Bd8 52. Nf5 Nc7 53. Bc4 Ne8 54. Ke3 Ng7 55. Nd6 Ke7 56. Nf7 Bc7 57. Ng5 Ne8 58. Bd5 Bb6+ 59. Kf3 Nf6 60. Bb3 Ne8 61. Nf7 Kf6 62. Nh6 Ke7 63. Nf5+ Kd8 64. Bf7 Nf6 65. Ng3 Kc7 66. Bxh5 Kxc6 67. Bf7 Kd7 68. Nf5 Bc5 69. h5 Nh7 70. Bd5 Ba3 71. h6 Bc1 72. Bg8 Nf8 73. Bf7 Nh7 74. Bg8 Nf8 75. Kg4 Ng6 76. Kh5 Nf4+ 77. Kg5 Ng2+ 78. Kf6 Bxh6 79. Nxh6 Nf4 80. Kxe5 Ne2 1-0

[Event "Kamen Piskov Memorial 3rd"]
[Site "Ruse"]
[Date "1983.??.??"]
[Round "9"]
[White "Ilievski, Dimitar"]
[Black "Peev, Peicho C"]
[Result "1/2-1/2"]
[WhiteElo "2390"]
[BlackElo "2410"]
[PlyCount "106"]
[EventDate "1983.06.??"]
[Source "www.chesslib.no"]
[SourceDate "2004.05.04"]

1. c4 g6 2. g3 Bg7 3. Bg2 d6 4. d4 Nf6 5. Nc3 O-O 6. e4 Nc6 7. Nge2 e5 8. d5 Ne7 9. Rb1 a5 10. O-O Nd7 11. a3 f5 12. Qc2 Nf6 13. b4 axb4 14. axb4 fxe4 15. Nxe4 Nxe4 16. Bxe4 Bh3 17. Rd1 Qd7 18. f3 Rf7 19. Rd3 Raf8 20. Bg5 Nf5 21. Ra3 Bh6 22. Qd2 Bg7 23. Qa2 Ne7 24. Qc2 h6 25. Bxe7 Qxe7 26. Kh1 h5 27. Rba1 Bf5 28. Ra8 Rxa8 29. Rxa8+ Kh7 30. Kg2 Qg5 31. Ra3 Bh6 32. h3 Qd2 33. Qxd2 Bxd2 34. b5 Bb4 35. Rb3 Bc5 36. Nc3 Rf8 37. g4 hxg4 38. hxg4 Bd7 39. Bd3 Kg7 40. Ne4 Bb6 41. Ra3 Rh8 42. Be2 Kf7 43. Bd1 Ke7 44. Bc2 Bd4 45. Ng5 Bc5 46. Ra1 Be3 47. Ne4 c6 48. bxc6 bxc6 49. Ra3 Bd4 50. dxc6 Bxc6 51. Ng3 Rg8 52. Be4 Bxe4 53. Nxe4 Rc8 1/2-1/2

[Event "Aegina Open"]
[Site "Aegina"]
[Date "1993.??.??"]
[Round "5"]
[White "Kirov, Nino"]
[Black "Sirigos, Nikolaos"]
[Result "1-0"]
[WhiteElo "2505"]
[BlackElo "2295"]
[PlyCount "51"]
[EventDate "1993.06.??"]
[Source "www.chesslib.no"]
[SourceDate "2004.05.04"]

1. d4 Nf6 2. c4 g6 3. g3 Bg7 4. Bg2 O-O 5. Nc3 d6 6. e4 c5 7. Nge2 Nc6 8. d5 Na5 9. b3 a6 10. Rb1 Rb8 11. O-O Nd7 12. h3 b5 13. cxb5 axb5 14. b4 Nc4 15. a3 Qb6 16. Qb3 Nde5 17. bxc5 Qxc5 18. Nxb5 f5 19. Nec3 Bd7 20. a4 f4 21. gxf4 Bxh3 22. fxe5 Bxg2 23. Kxg2 Nxe5 24. f4 Qc8 25. Qd1 Ng4 26. Qd3 1-0

[Event "DDR-ch 38th"]
[Site "Zittau"]
[Date "1989.??.??"]
[Round "4"]
[White "Paehtz, Thomas Sr"]
[Black "Kaminski, Uwe"]
[Result "1/2-1/2"]
[WhiteElo "2450"]
[BlackElo "2345"]
[PlyCount "75"]
[EventDate "1989.02.??"]
[Source "ChessBase"]

1. d4 Nf6 2. c4 g6 3. g3 Bg7 4. Bg2 c6 5. e4 d6 6. Nc3 O-O 7. Nge2 e5 8. O-O Nbd7 9. h3 Qb6 10. Be3 Qc7 11. Rc1 Re8 12. b4 b6 13. f4 Bb7 14. fxe5 dxe5 15. d5 Bf8 16. c5 bxc5 17. bxc5 Qa5 18. d6 Ba6 19. Rf2 Rab8 20. Qa4 Qxa4 21. Nxa4 Rb4 22. Nec3 Reb8 23. a3 Rb3 24. Ra1 Bb5 25. Bg5 Bg7 26. Bxf6 Bxf6 27. Nxb5 R8xb5 28. Bf1 Rxg3+ 29. Kh2 Rbb3 30. Rb2 Rxb2+ 31. Kxg3 Rb3+ 32. Kg2 Kf8 33. Bc4 Rb8 34. Rf1 Ke8 35. Bd5 Rc8 36. Bc4 Rb8 37. Bd5 Rc8 38. Bc4 1/2-1/2

[Event "Peer Gynt"]
[Site "Gausdal"]
[Date "1994.??.??"]
[Round "1"]
[White "Gausel, Einar"]
[Black "Dannevig, Oystein"]
[Result "1/2-1/2"]
[WhiteElo "2505"]
[BlackElo "2290"]
[PlyCount "97"]
[EventDate "1994.07.??"]
[Source "www.chesslib.no"]
[SourceDate "2004.05.04"]

1. d4 Nf6 2. g3 c5 3. d5 e5 4. Bg2 d6 5. c4 g6 6. Nc3 Bg7 7. e4 O-O 8. h4 a6 9. a4 b6 10. Bh3 Ra7 11. Bg5 Bxh3 12. Nxh3 Qc8 13. Qe2 Ne8 14. h5 h6 15. Bd2 g5 16. g4 a5 17. Nb5 Rb7 18. Qf3 f6 19. Ng1 Rff7 20. Ne2 Bf8 21. Ng3 Ng7 22. Rg1 Na6 23. Ra3 Nc7 24. Nc3 Nce8 25. Nd1 Qd7 26. Ne3 Kh7 27. Ke2 Rb8 28. Rga1 Rb7 29. Rb3 Qc8 30. Raa3 Qd7 31. Kd1 Qc8 32. Kc1 Qc7 33. Qe2 Qc8 34. Kb1 Be7 35. Qe1 Bd8 36. Ngf5 Qd7 37. Qe2 Nxf5 38. Nxf5 Ng7 39. Ng3 Ne8 40. Qf3 Ng7 41. Rb5 Ra7 42. Rab3 Ra6 43. Nf1 Ne8 44. Ne3 Ng7 45. Nc2 Ne8 46. Ne1 Ng7 47. Nd3 Kg8 48. Nc1 Kh7 49. Ne2 1/2-1/2

[Event "Bratislava Slovan Open"]
[Site "Bratislava SVK"]
[Date "1991.??.??"]
[Round "3"]
[White "Petran, Peter"]
[Black "Matulik, Daniel"]
[Result "1-0"]
[WhiteElo "2395"]
[BlackElo "2395"]
[PlyCount "97"]
[EventDate "1991.05.??"]
[Source "www.chesslib.no"]
[SourceDate "2004.05.04"]

1. c4 Nf6 2. Nc3 g6 3. e4 d6 4. d4 Bg7 5. g3 O-O 6. Bg2 a6 7. Nge2 Nc6 8. O-O Rb8 9. f4 Bd7 10. e5 Ne8 11. Be3 Na5 12. b3 b5 13. c5 dxc5 14. dxc5 b4 15. Ne4 Bb5 16. Re1 Nc6 17. Nd4 Nxd4 18. Bxd4 c6 19. Qd2 a5 20. a3 Nc7 21. axb4 Ne6 22. Be3 Qxd2 23. Nxd2 axb4 24. Ra7 Rfe8 25. Nc4 Bf8 26. Na5 Rbc8 27. Rd1 Red8 28. Rxd8 Rxd8 29. Bxc6 Bxc6 30. Nxc6 Rd3 31. Kf2 Rxb3 32. Nxe7+ Bxe7 33. Rxe7 Kf8 34. Rb7 Rc3 35. Bd2 Rc2 36. Ke3 b3 37. Rxb3 Nxc5 38. Rb8+ Kg7 39. Bb4 Ne6 40. g4 Rxh2 41. f5 gxf5 42. gxf5 Rh3+ 43. Kf2 Rh4 44. fxe6 fxe6 45. Kg3 Rc4 46. Bd6 h5 47. Re8 Rg4+ 48. Kh3 Rg6 49. Kh4 1-0